000 01440nam a2200337 a 4500
999 _c27793
_d27793
001 4986710
005 20170210143143.0
008 971211s1997 nyua b 000 0 eng d
010 _a 98142462
020 _a1579870260
035 _a(OCoLC)38070918
050 0 0 _aRA399 .A1C584 1997
245 0 0 _aClinical practice improvement methodology :
_bimplementation and evaluation /
_cedited by Susan D. Horn.
260 _aNew York, NY :
_bFaulkner & Gray,
_cc1997.
300 _axviii, 363 p. :
_bill. ;
_c28 cm.
490 1 _aMedical outcomes & practice guidelines library II ;
_vv. II
504 _aIncludes bibliographical references.
650 0 _aManaged care plans (Medical care)
_xManagement.
650 0 _aOutcome assessment (Medical care)
650 2 _aPractice Guidelines
_xhandbooks.
700 1 _aHorn, Susan D.
830 0 _aFaulkner & Gray's medical outcomes and practice guidelines library ;
_vv. 2.
942 _2lcc
_cBOOKS